Austria-Hungary Military Border : catalogue of the adhesive revenue stamps (Record no. 2045)

000 -LEADER
fixed length control field 00736nam a22000977a 4500
008 - FIXED-LENGTH DATA ELEMENTS--GENERAL INFORMATION
fixed length control field 160606b xxu||||| |||| 00| 0 eng d
100 ## - MAIN ENTRY--AUTHOR'S NAME
Author's Name Erler, Martin
245 ## - TITLE STATEMENT
Title Austria-Hungary Military Border : catalogue of the adhesive revenue stamps
Remainder of title Osterreich-Ungarn Militargrenze : Katalog der Fiskalmarken
260 ## - PUBLICATION, DISTRIBUTION, ETC. (IMPRINT)
Place of publication, distribution, etc. Icking, Germany
Name of publisher, distributor, etc. ORA Verlag
Date of publication, distribution, etc. 1978
650 ## - TOPICAL TERM (Tag)
Topical term or geographic name Austro-Hungarian Military Post | Austro-Hungarian Empire | Austria | Austria-Hungary | Hungary (1871-) | Revenues | Postage Stamps as Revenues | Overprints and Surcharges | Provisionals and Forerunners | Stamps -- Histories | Production | Errors and Varieties | Printing | Paper | Watermarks | Postal Markings | Revenue Cancellations | Cinderella Material | Catalogs and Price Lists
Holdings
Withdrawn status Lost status Source of classification or shelving scheme Damaged status Koha normalized classification for sorting Not for loan Permanent Location Current Location Date acquired Total Checkouts Full call number Barcode Date last seen Price effective from
        G6481 R451 E69   Northern Philatelic Library Northern Philatelic Library 06/06/2016   G6481 R451 E69 1002377 06/06/2016 06/06/2016

Powered by Koha